| 000 | 01688cab a2200265 4500 | ||
|---|---|---|---|
| 001 | ABS46815 | ||
| 008 | 090401t1992 xxu||||| |||| 00| 0 eng d | ||
| 035 | _a(Sirsi) u59562 | ||
| 041 | _aeng | ||
| 245 | _aSlot v Guildford BC | ||
| 260 | _c1992 | ||
| 350 | _a0 | ||
| 490 |
_aRating & Valuation Reporter _v1992 32 RVR 126-144(9) |
||
| 520 | _aLT 27 May 1992. A decision to determine the amount of compensation (if payable) under ss164 and 165 of the Town and Country Planning Act 1971 following refusal of planning permission on 15.07 ac of farmland in Ockham Surrey within metropolitian green belt. In January 1990, Guildford BC (G) made a direction under article 4 of the Town and Country Planning General Development Order 1988 which included the land to which this case relates. This revoked permitted development rights formerly available under art 3 and pt 2 of class A of sch 2 to the 1988 GDO. In November 1990, the claimant (S) submitted an application for planning permission on the land for a glass house, storage barn and five fences. Permission was refused on the ground that (1) fencing would fragment open natural land (2) buildings were not required for agricultural purposes and (3) visual intrusion. S submitted a claim for compensation under s164(1) of the 1971 Act on 3 May 1991. The claim was in four parts (a) depreciat | ||
| 650 | _aARTICLE 4 DIRECTIONS | ||
| 650 | _aCOMPENSATION | ||
| 650 | _aGREEN BELT | ||
| 650 | _aPERMITTED DEVELOPMENT RIGHTS | ||
| 650 | _aPLANNING PERMISSION | ||
| 650 | _aREFUSAL | ||
| 650 | _aTOWN AND COUNTRY PLANNING ACT 1971 S164 | ||
| 690 | _aPLANNING LAW AND PRACTICE-CASE LAW | ||
| 942 | _n0 | ||
| 948 | _c04/03/1997 | ||
| 999 |
_c36554 _d36554 |
||